CAE systémy v procese vstrekovania plastov

Uložené v:
Podrobná bibliografia
Hlavný autor: Gabriš, Ján (Autor)
Ďalší autori: Satin, Lukáš (Vedúci práce)
Médium: Rukopis Kniha
Jazyk:Slovak
Vydavateľské údaje: 2015
Predmet:
On-line prístup:http://is.stuba.sk/zp/portal_zp.pl?podrobnosti=96515
Tagy: Pridať tag
Žiadne tagy, Buďte prvý, kto otaguje tento záznam!

MARC

LEADER 00000ntm a22000003a 4500
001 stuzp50615
003 SK-STU
005 20160719153616.9
007 ta
008 150427s2015----xo-----f-mn---000-0-slo-d
040 |a STU  |b slo 
041 0 |a slo 
100 1 |a Gabriš, Ján  |u 063000  |4 aut  |U MTF Materiálovotechnologická fakulta  |T MTF Ústav výrobných technológií  |X 47095  |U M3000  |Y 83  |7 47095 
242 0 1 |a CAE systems in the process of injection molding  |y eng 
245 1 0 |a CAE systémy v procese vstrekovania plastov 
260 |c 2015 
650 4 |a vstrekovanie plastov  |2 slo 
650 4 |a CAE systémy  |2 slo 
650 4 |a simulačný softvér  |2 slo 
650 4 |a plastic injection molding  |2 eng 
650 4 |a simulation software  |2 eng 
650 4 |a CAE systems  |2 eng 
700 1 |a Satin, Lukáš  |4 ths  |X 65988  |7 A000065988 
856 4 |u http://is.stuba.sk/zp/portal_zp.pl?podrobnosti=96515 
996 |c M* BP-7407  |l MMSKP  |s P  |a 0  |w stuzp50615_0001 
SQL |a stuzp50615  |b DBP  |c SLO  |d CAE systémy v procese vstrekovania plastov  |e 47095  |f Gabriš, Ján  |g 063000  |h 65988  |i Satin, Lukáš  |j 20150624  |k 174  |l 06  |m http://is.stuba.sk/zp/portal_zp.pl?podrobnosti=96515  |n B-PPT  |o 5.2.51. výrobné technológie